00520 2200157 4500001002100000005001500021035002000036007000300056008004100059020001400100245006000114260007200174300002900246110005200275990003500327INLIS00000000000777720260703110045 a0010-0726000004ta260703 0 ind  aTidak Ada1 aProfil Tanaman Hias : Bidang Bina Produksi Hortikultura aPontianak :bDinas Pertanian Tanaman Pangan dan Hortikultura,c2009 a82hlm :b.:ilus. ;c21cm0 aDinas Pertanian Tanaman Pangan dan Hortikultura ac.1/80/Polbangtan Yoma/ha/2026